000 00871nam a2200253Ia 4500
003 OSt
005 20220930193822.0
006 a|||||r|||| 00| 0
007 ta
008 220926b |||||||| |||| 00| 0 eng d
024 _a11993
037 _cDissertations
040 _aCRL
_cCRL
_beng
041 _2eng
_aeng
100 _aRavindra Nath A
_9562683
110 _aUniversity of Delhi. Faculty of Medical Sciences. Department of Paediatric Surgery
245 0 _aCorrelation of clinical, radiological and operative findings in cases of anorectal malformations
260 _c1978
650 _aCHILDREN - DISEASES
700 _a Dr S Agarwal Supervisor
_9521120
700 _aUniversity of Delhi. Faculty of Medical Sciences. Department of Paediatric Surgery
942 _cDIS
_2CC
999 _c896951
_d896951